| 000 | 00568nam a2200229Ia 4500 | ||
|---|---|---|---|
| 003 | OSt | ||
| 005 | 20220924144405.0 | ||
| 006 | a|||||r|||| 00| 0 | ||
| 007 | ta | ||
| 008 | 220923b |||||||| |||| 00| 0 urd d | ||
| 024 | _a314106 | ||
| 037 | _cTextual | ||
| 040 |
_aARTS _cARTS _burd |
||
| 041 |
_2urd _aurd |
||
| 082 | _aO168,1N046:g, J0 | ||
| 100 |
_aWasti Nayyar _9217583 |
||
| 245 | 0 | _aSalma-o-Akhtar | |
| 260 | _c1950 | ||
| 650 | _aURDU POETRY | ||
| 942 |
_hO168,1N046:g, J0 _cTEXL _2CC |
||
| 999 |
_c456939 _d456939 |
||